000 00506nam a2200193Ia 4500
001 47554
008 140429s9999 xx 000 0 und d
020 _aNA
040 _cPK-LaUMT
082 _aRHC 320.532
_bDJI-N
100 _aDjilas, Milvovan
245 _aNayaa tabqaa (Urdu)
_bcommunist nizaam kaa tajziya
_cDjilas, Milvovan<>Jalees Abidi
260 _aDehli,India:
_bNational Academy,
_c1967
300 _a317 p.
546 _aUR
650 _aCommunism
700 _aJalees Abidi
942 _cBK
999 _c45474
_d45474